Rap by letter (F) - Statistics

General Stats
  • This quiz has been taken 2 times
  • The average score is 5 of 10
Answer Stats
Hint Answer % Correct
Obie Trice has a song called: "Shit Hits The ___". Fan
100%
Eminem's song, that was released in 2005. FACK
50%
Rapper from New York, was a feature in "Twinz" by Big Pun. Fat Joe
50%
Kanye West's big hit from "Graduation", where Dwele is a feature. Flashing Lights
50%
Rap song, where Drake, Kanye West, Lil Wayne and Eminem had a rap battle. Released in 2009. Forever
50%
Dr. Dre's and Eminem's song from "2001". Forgot About Dre
50%
Dr. Dre's disstrack towards Eazy-E, released in 1992. Fuck Wit Dre Day (And Everybody's Celebratin')
50%
Dr. Dre's song from "2001", has features from Devin The Dude and snoop Dogg. Fuck You
50%
Lil Wayne's song from "Tha Carter II", second song on the album. Fly In
0%
Lil Wayne's song from "Tha Carter II", last song on the album. Fly Out
0%
No matching quizzes found
Score Distribution
Percent of People with Each Score
Percentile by Number Answered
Your Score History
You have not taken this quiz